The witch hunt / Sasha Peyton Smith.
Available copies
- 2 of 2 copies available at LARL/NWRL Consortium.
- 2 of 2 copies available at Lake Agassiz Regional Library. (Show preferred library)
Current holds
0 current holds with 2 total copies.
Show Only Available Copies
| Location | Call Number / Copy Notes | Barcode | Shelving Location | Status | Due Date |
|---|---|---|---|---|---|
| Climax Public Library | Y SMI (Text) | 33500013761986 | Main | Available | - |
| Crookston Public Library | Y SMI (Text) | 33500013761994 | Main | Available | - |
Record details
- ISBN: 1534454411
- ISBN: 9781534454415
- Physical Description: 341 pages ; 22 cm
- Edition: First edition.
- Publisher: New York : Simon & Schuster BFYR, [2022]
- Copyright: ©2022
Content descriptions
| General Note: | Sequel to: The witch haven. |
| Summary, etc.: | "Months after the devastating battle between the ... Read More 1913. Months after the battle between the Sons of ... Read More |
| Target Audience Note: | Ages 14 and up. |
Search for related items by subject
| Subject: | Witchcraft > Fiction. Wizards > Fiction. Witches > Juvenile fiction. Magic > Juvenile fiction. Incantations > Juvenile fiction. Paris (France) > History > 1870-1940 > Juvenile fiction. Witches > Fiction. Magic > Fiction. |
| Genre: | Young adult fiction. Paranormal fiction. Fantasy fiction. Witch fiction. |
Search for related items by series
| LDR | 03849cam a2200745 i 4500 | ||
|---|---|---|---|
| 001 | 409001 | ||
| 003 | LARL_NWRL_CONSORTIUM | ||
| 005 | 20230314173952.0 | ||
| 008 | 220216t20222022nyu d 000 1 eng d | ||
| 040 | . | ‡aYDX ‡beng ‡erda ‡cYDX ‡dBDX ‡dKOP ‡dUKMGB ‡dRNL ‡dIK2 ‡dOCLCF ‡dYEQ ‡dIMT ‡dRB0 ‡dUAP ‡dHQD ‡dILC ‡dSXP ‡dTXHLC | |
| 015 | . | ‡aGBC2H5801 ‡2bnb | |
| 016 | 7 | . | ‡a020765044 ‡2Uk |
| 019 | . | ‡a1296679064 ‡a1296913832 | |
| 020 | . | ‡a1534454411 ‡q(hardcover) | |
| 020 | . | ‡a9781534454415 ‡q(hardcover) : ‡c$19.99 | |
| 035 | . | ‡a(OCoLC)1296941547 ‡z(OCoLC)1296679064 ‡z(OCoLC)1296913832 | |
| 092 | . | ‡aX ‡bSMIT | |
| 100 | 1 | . | ‡aSmith, Sasha Peyton, ‡eauthor. |
| 245 | 1 | 4. | ‡aThe witch hunt / ‡cSasha Peyton Smith. |
| 250 | . | ‡aFirst edition. | |
| 264 | 1. | ‡aNew York : ‡bSimon & Schuster BFYR, ‡c[2022] | |
| 264 | 4. | ‡c©2022 | |
| 300 | . | ‡a341 pages ; ‡c22 cm | |
| 336 | . | ‡atext ‡btxt ‡2rdacontent | |
| 337 | . | ‡aunmediated ‡bn ‡2rdamedia | |
| 338 | . | ‡avolume ‡bnc ‡2rdacarrier | |
| 490 | 0 | . | ‡aWitch haven ; ‡v2 |
| 500 | . | ‡aSequel to: The witch haven. | |
| 520 | . | ‡a"Months after the devastating battle between the Sons of St. Druon and the witches of Haxahaven, Frances has built a quiet, safe life for herself, teaching young witches and tending the garden within the walls of Haxahaven Academy. But one thing nags; her magic has begun to act strangely. When an opportunity to visit Paris arises, Frances jumps at the chance to go, longing for adventure and seeking answers about her own power"-- ‡cProvided by publisher. | |
| 520 | . | ‡a1913. Months after the battle between the Sons of Saint Druon and the witches of Haxahaven, Frances has build a quiet life for herself within Haxahaven Academy. Her magic is acting strangely, but when an opportunity to visit Paris arrses she jumps at the chance to find answers about her power. Traveling with classmates Maxine and Lena, Francis learns that the spell she used to speak to her dead brother has created a rift in the veil between the living and the dead, and a group of magicians are using the rift for their own gain. To write this wrong, Frances must team up with the person she sword she'd never trust again-- and risks her own life in the process. -- adapted from jacket | |
| 521 | . | ‡aAges 14 and up. | |
| 650 | 0. | ‡aWitchcraft ‡vFiction. ‡0(LARL_NWRL_CONSORTIUM)176291 | |
| 650 | 0. | ‡aWizards ‡vFiction. ‡0(LARL_NWRL_CONSORTIUM)168004 | |
| 650 | 0. | ‡aWitches ‡vJuvenile fiction. ‡0(LARL_NWRL_CONSORTIUM)168005 | |
| 650 | 0. | ‡aMagic ‡vJuvenile fiction. ‡0(LARL_NWRL_CONSORTIUM)165990 | |
| 650 | 0. | ‡aIncantations ‡vJuvenile fiction. | |
| 651 | 0. | ‡aParis (France) ‡xHistory ‡y1870-1940 ‡vJuvenile fiction. | |
| 650 | 1. | ‡aWitches ‡vFiction. ‡0(LARL_NWRL_CONSORTIUM)168002 | |
| 650 | 1. | ‡aMagic ‡vFiction. ‡0(LARL_NWRL_CONSORTIUM)165984 | |
| 655 | 0. | ‡aYoung adult fiction. | |
| 655 | 7. | ‡aParanormal fiction. ‡2lcgft | |
| 655 | 7. | ‡aFantasy fiction. ‡2lcgft | |
| 655 | 7. | ‡aWitch fiction. ‡2lcgft | |
| 905 | . | ‡uvanderl | |
| 901 | . | ‡a409001 ‡b ‡c409001 ‡tbiblio ‡soclc | |

Add to basket
Permalink
Disable Highlighting